Normal view
MARC view
Entry Personal Name
001 - CONTROL NUMBER
- control field: 8569
003 - CONTROL NUMBER IDENTIFIER
- control field: BD-RjUL
005 - DATE AND TIME OF LATEST TRANSACTION
- control field: 20230824180644.0
008 - FIXED-LENGTH DATA ELEMENTS
- fixed length control field: 230824|| aca||aabn | a|a d
040 ## - CATALOGING SOURCE
- Original cataloging agency: BD-RjUL
- Transcribing agency: BD-RjUL
100 ## - HEADING--PERSONAL NAME
- Personal name: সারওয়ার, মোহা : শহীদ
670 ## - SOURCE DATA FOUND
- Source citation: Work cat.: (BD-RjUL)81773: সারওয়ার, মোহা : শহীদ, চাঁপাই নবাবগঞ্জের লোকসঙ্গীতে জীবন ও সমাজ /, ২০০৭